130 contoh karangan Bahasa Malaysia

Bibliographic Details
Main Author: Mahayuddin Isyah
Format: Book
Published: Selangor : Penerbit Ilmu Bakti , 2009
Subjects:

MARC

LEADER 00000cam a2200000 7i4500
001 0000053861
005 20160330.0
008 151027
020 |a 9789675072659 
090 0 0 |a 499.2882   |b MAH 
100 0 |a Mahayuddin Isyah 
245 1 0 |a 130 contoh karangan Bahasa Malaysia   |c Mahayuddin Isyah 
260 |a Selangor :   |b Penerbit Ilmu Bakti ,   |c 2009 
500 |a Teenager ages 13-18 years old (blue) 
650 0 |a Malay language composition & exercises 
999 |a 0001349140   |b Book   |c Teenagers   |e Perbadanan Perpustakaan Awam Johor